| 000 | 00718nam a22002175i 4500 | ||
|---|---|---|---|
| 001 | 172698 | ||
| 003 | ES-MaACL | ||
| 005 | 20230906215017.0 | ||
| 008 | 090827s1934 fr |||| | fre d | ||
| 080 | _a821.124-1"00" | ||
| 100 | 1 |
_aHoracio Flaco, Quinto. _964182 |
|
| 245 | 1 | 0 |
_aEpitres / _cHorace ; texte établi et traduit par François Villaneuve. |
| 260 |
_aParis : _bSociété d'Édition "Les Belles Lettres", _c1934. |
||
| 300 |
_a252 p. ; _c21 cm. |
||
| 490 | 1 | _aCollection des Universites de France | |
| 546 | _aTexto en latín y francés. | ||
| 700 | 1 |
_aVilleneuve, François. _9115249 |
|
| 830 | 0 |
_aCollection des Universites de France _9180876 |
|
| 852 |
_aES-MaACL _jC-7847 |
||
| 999 |
_c172698 _d172698 |
||